Mathematics for NDA and NA (Record no. 11591)

MARC details
000 -LEADER
fixed length control field 00369nam a22001577a 4500
003 - CONTROL NUMBER IDENTIFIER
control field OSt
008 - FIXED-LENGTH DATA ELEMENTS--GENERAL INFORMATION
fixed length control field 221124b ||||| |||| 00| 0 eng d
020 ## - INTERNATIONAL STANDARD BOOK NUMBER
International Standard Book Number 9789352535750
082 ## - DEWEY DECIMAL CLASSIFICATION NUMBER
Classification number 351.131 AGM
100 ## - MAIN ENTRY--PERSONAL NAME
Personal name AGGARWAL,RS
245 ## - TITLE STATEMENT
Title Mathematics for NDA and NA
260 ## - PUBLICATION, DISTRIBUTION, ETC. (IMPRINT)
Place of publication, distribution, etc New Delhi
Name of publisher, distributor, etc S.Chand
Date of publication, distribution, etc 2023
300 ## - PHYSICAL DESCRIPTION
Extent 598
650 ## - SUBJECT ADDED ENTRY--TOPICAL TERM
Topical term or geographic name as entry element Competative
942 ## - ADDED ENTRY ELEMENTS (KOHA)
Source of classification or shelving scheme Dewey Decimal Classification
Koha item type Text Books
942 ## - ADDED ENTRY ELEMENTS (KOHA)
-- 1
Holdings
Withdrawn status Lost status Source of classification or shelving scheme Damaged status Not for loan Collection code Home library Current library Date acquired Source of acquisition Currency Cost, normal purchase price Bill Number Total Checkouts Full call number Acc. no. / Barcode Date last seen Date last borrowed Actual Cost, discounted price Bill Date Koha item type
    Dewey Decimal Classification     GENERAL PIET C-LIBRARY PIET C-LIBRARY 08/11/2022 International Book Centre IN Rupees 699.00 IB/IN/774 6 351.131 AGM 34207 28/08/2024 01/08/2024 519.56 08/11/2022 Text Books
    Dewey Decimal Classification     GENERAL PIET C-LIBRARY PIET C-LIBRARY 08/11/2022 International Book Centre IN Rupees 699.00 IB/IN/774   351.131 AGM 34208 24/11/2022   519.56 08/11/2022 Text Books

Design & Developed by: PIET Central Library
R70 Miles Stone Pattikalyana Samalkha Panipat 132102
mail ID :- [email protected], Phone No:- 0180-2569700 Ex.216